00680nam a2200229 a 4500001001300000003000900013005001700022008004100039020001000080082001400090100002800104245006900132260004400201300000800245500003500253505001000288700002800298902000800326942000700334952009400341999001500435nice12345678IN_TiNIC20260116011759.0050524s1942 luca grp 000 0 eng  ac10000a201bBAD1 aBadley, Brenton Thoburn aMaking of a Bishopb Life Story of Bishop Jashwant Rao Chitambar aLucknowbLucknow Publishing Housec1942 a62p aincludes index and biblioraphy2 aIndex1 aBadley, Brenton Thoburn bSRS cBK 00104070aHMIbHMId2007-03-19g100.00l0o201 BAD1p6670r2007-03-19w2026-01-16yARB c3908d3908